00472nam a22001457a 4500003000500000038001800005082000800023100002200031245008200053264003300135300002400168650003700192700003900229856005800268NUST aNusrat Nadeem a200 aKHAN, ABDUS SAMAD aA CAUSAL EXPLORATION OF ILLEGAL MIGRATION FROM PAKISTAN /cABDUS SAMAD KHAN,  aIslamabad;bS3H NUST;c2024. a48,p;bill;c30,cm. aMS-Government and Public Policy  aSupervisor: Dr. Ahmed Waqas Waheed u http://10.250.8.41:8080/xmlui/handle/123456789/46508